載入...

Smallholder cash crop production under market liberalisation : a new institutional economics perspective

書目詳細資料
主要作者: Dorward, A
其他作者: Kydel, J, Poutton, C
格式: Printed Book
語言:Undetermined
English
出版: U.K. CAB International 1998
主題:
LEADER 00819nam a2200229Ia 4500
008 140306s9999 xx 000 0 und d
020 |a 0 85199 277 3 
041 |a eng 
082 |a 338.1  |b DOR 
100 |a Dorward, A 
245 |a Smallholder cash crop production under market liberalisation : a new institutional economics perspective 
260 |a U.K.  |b CAB International  |c 1998 
300 |a 280 
650 |a cash crops - developing countries 
650 |a Cotton trade - Ghana - northern region 
650 |a cotton trade - Pakistan - Sindh 
650 |a wheat trade Pakistan - Sindh 
700 |a Kydel, J 
700 |a Poutton, C 
942 |2 ddc  |c BK 
999 |c 64999  |d 64999 
952 |0 0  |1 0  |2 ddc  |4 0  |6 338_100000000000000_DOR  |7 0  |9 71334  |a KAUACV  |b KAUACV  |d 2004-05-22  |o 338.1 DOR  |p KAU_ACV-25246  |r 2014-03-22  |w 2014-03-22  |y BK